000 00627nam a2200193 i 4500
001 23433
003 ES-MaACL
007 t|
008 021210s1974 sp ||||1| spa d
100 0 _aAllen, Woody,
_d1935-
_920005
245 1 0 _aCómo acabar de una vez por todas con la cultura /
_cWoody Allen ; [traducción; Marcelo Covian].
260 _a[Barcelona] :
_bTusquets,
_c[1974]
300 _a128 p. ;
_c18 cm.
490 1 _aCuadernos ínfimos ;
_v56
700 1 _aCovian, Marcelo.
_9180854
830 0 _aCuadernos ínfimos ;
_v56
_9180855
852 _aES-MaACL
_jE-7169
_bR.91263
999 _c23433
_d23433